• 首页
  • 本馆介绍
  • 公告通知
  • 最新文献
  • 馆藏检索
  • 电子资源
  • 读者导购
  • 参考咨询
  • 我的图书馆
  • 登录
  • 详细信息显示
  • 放入我的书架
  • 预约/预借图书
  • 作者相关作品
  • 分类相关作品
  • 丛书相关作品
  • 出版社相关作品

书目信息

  • 表格格式
  • 工作单格式
  • 卡片格式
题名:
自然的观念
    
 
作者: 柯林武德 , Collingwood 著 ;吴国盛 译
分册:  
出版信息: 北京   北京大学出版社  2006
页数: 230页
开本: 23cm
丛书名: 博雅同文馆
单 册:
中图分类: N031
科图分类:
主题词: 自然观--研究 , 自然观
电子资源:
ISBN: 7-301-10358-1
000 01153oam2 2200301 450
001 012007192816
005 20070522170242.79
010    @a7-301-10358-1@dCNY23.00
100    @a20070514d2006 km y0chiy0120 ea
101 1  @achi@ceng
102    @aCN@b110000
105    @ay z 001yy
106    @ar
200 1  @a自然的观念@Azi ran de guan nian@f(英)柯林武德(Robin George Collingwood)著@F(ying)ke lin wu de(Robin George Collingwood)zhu@g吴国盛译@Gwu guo sheng yi
210    @a北京@c北京大学出版社@d2006
215    @a230页@d23cm
225 2  @a博雅同文馆@i柯林武德作品系列
330    @a作为一种思想形式的自然科学,存在于且一直存在于一个历史的语境之中,并且其存在依赖于历史思想。由此我斗胆推断,一个人除非理解历史,否则他就不能理解自然科学;除非他知道历史是什么,否则就不能回答自然是什么这个问题。
461  0 @12001 @a博雅同文馆
510 1  @aIdea of nature@zeng
606 0  @a自然观@x研究
606 0  @a自然观
690    @aN031@v4
701  1 @c(英)@a柯林武德@Ake lin wu de@bR.G.@4著
701  1 @c(英)@aCollingwood@bRobin George@4著
702  0 @a吴国盛@Awu guo sheng@f(1964~)@4译
801  0 @aCN@bRULIN@c20070522
905    @dN031@e169@s10
    
    自然的观念/(英)柯林武德(Robin George Collingwood)著/吴国盛译.-北京:北京大学出版社,2006
    230页;23cm.-(博雅同文馆.柯林武德作品系列)
    
    
    ISBN 7-301-10358-1:CNY23.00
    作为一种思想形式的自然科学,存在于且一直存在于一个历史的语境之中,并且其存在依赖于历史思想。由此我斗胆推断,一个人除非理解历史,否则他就不能理解自然科学;除非他知道历史是什么,否则就不能回答自然是什么这个问题。
●
相关链接 在E读中查询图书 在五车中查询图书 在当当中查询图书 在豆瓣中查询图书


正题名:自然的观念     索取号:N031/169         预约/预借

序号 登录号 条形码 馆藏地/架位号 状态 备注
1 0575339   205753399   第二样本阅览室/ [索取号:N031/169] 在馆    
2 0575340   205753406   第三借阅区/ [索取号:N031/169] 在馆    
3 0575341   205753415   第三借阅区/ [索取号:N031/169] 在馆    
4 0575342   205753424   第三借阅区/ [索取号:N031/169] 在馆    
5 0575343   205753433   第三借阅区/ [索取号:N031/169] 在馆    
6 0575344   205753442   第三借阅区/ [索取号:N031/169] 在馆    
7 0575345   205753451   第三借阅区/ [索取号:N031/169] 在馆    
8 0575346   205753460   第三借阅区/ [索取号:N031/169] 在馆    
9 0575347   205753479   第三借阅区/ [索取号:N031/169] 在馆    
10 0575348   205753488   第三借阅区/ [索取号:N031/169] 在馆    
唐山师范学院图书馆 欢迎您!
大连网信软件有限公司© 版权所有